TF2 Weapons - Statistics

General Stats
  • This quiz has been taken 124 times
  • The average score is 102 of 220
Answer Stats
Hint Answer % Correct
Engineer Secondary | Scout Secondary Pistol
88%
Scout Primary Scattergun
86%
Scout Melee Bat
85%
Engineer Primary | Heavy Secondary | Pyro Secondary | Soldier Secondary Shotgun
82%
Scout Primary Back Scatter
79%
Heavy Primary Minigun
79%
Scout Primary Soda Popper
78%
Soldier Primary Rocket Launcher
76%
Scout Primary Force-A-Nature
73%
Pyro Primary Flamethrower
69%
Scout Primary Shortstop
69%
Engineer Melee Wrench
69%
Scout Secondary Crit-A-Cola
68%
Medic Secondary Medigun
68%
Scout Secondary Bonk! Atomic Punch
67%
Pyro Melee Fire Axe
65%
Spy Melee Knife
65%
Scout Secondary Mad Milk
65%
Soldier Primary Rocket Jumper
64%
Sniper Primary Sniper Rifle
64%
Scout Primary Baby Face's Blaster
63%
Heavy Melee Fists
63%
Heavy Secondary Sandvich
63%
Medic Melee Ubersaw
63%
Pyro Primary Backburner
62%
Heavy Primary Tomislav
62%
Scout Melee Atomizer
60%
Soldier Primary Black Box
60%
Demoman Melee Eyelander
60%
Heavy Primary Natascha
60%
Spy Secondary Revolver
60%
Demoman Melee Bottle
59%
Heavy Primary Brass Beast
59%
Demoman Primary Grenade Launcher
59%
Medic Melee Bonesaw
58%
Pyro Secondary Flare Gun
58%
Sniper Secondary Jarate
58%
Scout Melee Sandman
58%
Soldier Melee Shovel
58%
Demoman Secondary Stickybomb Launcher
58%
Scout Melee Boston Basher
56%
Soldier Melee Market Gardener
56%
Scout Secondary Winger
56%
Engineer Secondary | Scout Secondary C.A.P.P.E.R
55%
Medic Primary Crusader's Crossbow
55%
Engineer Secondary Wrangler
55%
Pyro Primary Degreaser
54%
Soldier Primary Direct Hit
53%
Heavy Secondary Family Business
53%
All-Class Melee Frying Pan
53%
Engineer Melee Jag
53%
Medic Secondary Kritzkrieg
53%
Engineer Primary | Heavy Secondary | Pyro Secondary | Soldier Secondary Panic Attack
53%
Medic Secondary Quick-Fix
53%
Soldier Primary The Original
53%
Engineer Primary Widowmaker
53%
Engineer PDA Construction PDA
51%
Heavy Primary Huo-Long Heater
51%
Sniper Melee Kukri
51%
Scout Secondary Pretty Boy's Pocket Pistol
51%
Pyro Secondary Scorch Shot
51%
Demoman Secondary Scottish Resistance
51%
Engineer Melee Southern Hospitality
51%
Soldier Primary Beggar's Bazooka
50%
Spy Secondary Diamondback
50%
Engineer Primary Frontier Justice
50%
Spy Sapper Sapper
50%
Sniper Secondary SMG
50%
Spy Melee Your Eternal Reward
50%
Pyro Melee Axtinguisher
49%
Scout Melee Candy Cane
49%
Pyro Primary Dragon's Fury
49%
Scout Melee Fan O'War
49%
Pyro Secondary Gas Passer
49%
Soldier Primary Liberty Launcher
49%
Engineer Primary Rescue Ranger
49%
Medic Primary Syringe Gun
49%
Spy Secondary Ambassador
47%
Demoman Primary | Soldier Secondary B.A.S.E. Jumper
47%
Engineer PDA Destruction PDA
47%
Heavy Melee Killing Gloves of Boxing
47%
Soldier Secondary Mantreads
47%
Pyro Primary Phlogistinator
47%
Demoman Secondary Sticky Jumper
47%
Medic Secondary Vaccinator
47%
Soldier Secondary Buff Banner
46%
Soldier Primary Cow Mangler 5000
46%
Spy Watch Dead Ringer
46%
Pyro Secondary Detonator
46%
Sniper Primary Huntsman
46%
Demoman Primary Iron Bomber
46%
Demoman Secondary Quickiebomb Launcher
46%
Spy Melee Spy-cicle
46%
Medic Melee Vita-saw
46%
Scout Melee Batsaber
45%
Heavy Secondary Buffalo Steak Sandvich
45%
Demoman Secondary Chargin' Targe
45%
Spy PDA Disguise Kit
45%
Engineer Melee Eureka Effect
45%
Scout Melee Holy Mackerel
45%
Engineer Secondary | Scout Secondary Lugermorph
45%
Sniper Primary Machina
45%
Pyro Secondary | Soldier Secondary Reserve Shooter
45%
Sniper Primary Sydney Sleeper
45%
Soldier Primary Air Strike
44%
Demoman Primary Ali Baba's Wee Booties
44%
Soldier Secondary Battalion's Backup
44%
Heavy Melee Fists of Steel
44%
Scout Secondary Flying Guillotine
44%
Soldier Secondary Gunboats
44%
Spy Watch Invis Watch
44%
Demoman Primary Loch-n-Load
44%
Pyro Melee Powerjack
44%
Sniper Secondary Razorback
44%
Spy Sapper Red-Tape Recorder
44%
Engineer Secondary Short Circuit
44%
Scout Melee Sun-On-A-Stick
44%
Demoman Secondary Tide Turner
44%
Spy Melee Big Earner
42%
Medic Primary Blutsauger
42%
Sniper Melee Bushwacka
42%
Soldier Secondary Concheror
42%
Spy Melee Conniver's Kunai
42%
Soldier Melee Escape Plan
42%
Heavy Melee Gloves of Running Urgently
42%
Engineer Melee Gunslinger
42%
Pyro Melee Homewrecker
42%
Demoman Primary Loose Cannon
42%
Pyro Melee Neon Annihilator
42%
Heavy Secondary Second Banana
42%
Sniper Primary Classic
41%
Soldier Melee Equalizer
41%
Sniper Primary AWPer Hand
40%
Soldier Melee Disciplinary Action
40%
Demoman Melee | Soldier Melee Half-Zatoichi
40%
Heavy Primary Iron Curtain
40%
Spy Secondary L'Etranger
40%
Demoman Melee | Soldier Melee Pain Train
40%
Engineer Primary Pomson 6000
40%
Pyro Primary Rainblower
40%
Medic Melee Solemn Vow
40%
Sniper Primary Bazaar Bargain
38%
Spy Watch Cloak and Dagger
38%
All-Class Melee Golden Frying Pan
38%
Engineer Melee Golden Wrench
38%
Sniper Melee Tribalman's Shiv
38%
Pyro Melee Back Scratcher
37%
Sniper Secondary Cozy Camper
37%
Heavy Melee Eviction Notice
37%
Sniper Primary Hitman's Heatmaker
37%
Demoman Melee Persian Persuader
37%
Soldier Secondary Righteous Bison
37%
All-Class Melee Saxxy
37%
Demoman Secondary Splendid Screen
37%
Pyro Secondary Thermal Thruster
37%
Pyro Melee Third Degree
37%
Scout Melee Wrap Assasin
37%
Heavy Secondary Dalokohs Bar
36%
Sniper Secondary Darwin's Danger Shield
36%
Pyro Melee Hot Hand
36%
Scout Secondary Mutated Milk
36%
Demoman Melee Nessie's Nine Iron
36%
Medic Primary Overdose
36%
Demoman Melee Scotsman's Skullcutter
36%
Sniper Secondary Cleaner's Carbine
35%
Heavy Secondary Fishcake
35%
Pyro Melee Lollichop
35%
Spy Secondary Enforcer
33%
Sniper Primary Fortified Compound
33%
Pyro Secondary Manmelter
33%
Pyro Melee Sharpened Volcano Fragment
33%
Scout Melee Unarmed Combat
33%
Medic Melee Amputator
32%
Heavy Melee Holiday Punch
32%
Pyro Primary Nostromo Napalmer
32%
Heavy Secondary Robo-Sandvich
32%
Demoman Melee Scottish Handshake
32%
Heavy Melee Apoco-Fists
31%
Spy Secondary Big Kill
31%
Spy Melee Black Rose
31%
Demoman Primary Bootlegger
31%
All-Class Melee Ham Shank
31%
Sniper Melee Shahanshah
31%
Spy Sapper Ap-Sap
29%
Pyro Melee Maul
29%
Pyro Melee Postal Pummeler
29%
Scout Melee Three-Rune Blade
29%
Spy Melee Wanga Prick
29%
Demoman Melee Horseless Headless Horsemann's Headtaker
28%
Sniper Primary Shooting Star
28%
Demoman Melee Ullapool Caber
28%
Demoman Melee Claidheamh Mor
27%
All-Class Melee Conscientious Objector
27%
All-Class Melee Prinny Machete
27%
Heavy Melee Warrior's Spirit
27%
All-Class Melee Freedom Staff
26%
Heavy Melee Bread Bite
24%
Spy Sapper Snack Attack
24%
Spy Watch Enthusiast's Timepiece
23%
Sniper Secondary Self-Aware Beauty Mark
23%
All-Class Melee Crossing Guard
22%
All-Class Melee Memory Maker
22%
All-Class Melee Necro Smasher
21%
Spy Watch Quackenbirdt
21%
All-Class Melee Bat Outta Hell
19%
Spy Melee Sharp Dresser
18%
Engineer Secondary Geiger Counter
14%
No matching quizzes found
Score Distribution
Percent of People with Each Score
Percentile by Number Answered
Your Score History
You have not taken this quiz